Etiqueta de registo: 00512cam 02200205 04500
001 215938
003 http://id.bnportugal.gov.pt/bib/catbnp/215938
005 19990921122000.0
095 ## $aPTBN00223637
100 ## $a19980112d1975 m y0pora01030103ba
101 1# $apor
102 ## $aPT
105 ## $aa t 000yy
106 ## $ar
200 1# $aFanny Hill$fJohn Cleland$gil. Júlio Montañes
210 #9 $aLisboa$cIbis,$d1975
215 ## $a2 v.$cil.$d30 cm
225 2# $aClassicos do erotismo mundial$v1 e 4
327 11 $aV. 1 "Os caminhos do amor" [24 p.] ; V. 4 "A iniciação ao prazer" [24 p.]
675 ## $a821.111-993"17"$vBN$zpor$3631538
700 #1 $aCleland,$bJohn,$f1709-1789$347801
701 #1 $aMontañes$bMontañes$4440$31988503
801 #0 $aPT$bBN$gRPC
966 ## $lBN$mFGREV$sP.P. 3740 A.$x1
998 ## $aCR375 - 00050